000
00352nam a22001577a 4500
003
MPLRDC
005
20220104142857.0
008
210129b ||||| |||| 00| 0 eng d
082
_a
191.32 LXG
100
_a
罗新桂编著
245
_a
开放的谈吐
_c
260
_a
_b
文新书屋
_c
300
_b
平
650
_a
942
_c
BK
_o
191.32 LXG
999
_c
34464
_d
34454